000 00432nam a22001337a 4500
040 _cNUST
082 _a220 PRO
100 _aASC AMNA BATOOL NS IQRA NADEEM NS USMAN HABIB ASC MUZAMIL HAMEED
_996494
110 _aPROJECT SUPERVISOR DR. AHSAN SHAHZAD DR. UROOJ FATIMA
_996495
245 _aPR-SOF-2097-Smart Superstore Guide
260 _aISLAMABAD:
_bNUST COLLEGE OF EME,
_c2022.
650 _aDE-COMP-40
_996496
942 _2ddc
_cPR
999 _c590770
_d590770